Szczegóły MARC21

Dwanaście dramatów. 1 /

003 -Nazwa inst., której nr kontr. jest w polu 001 [,]
    • @
    • Nazwa instytucji, której n kontrolny jest w polu 001
    • NUKAT
005 -DATA I CZAS OSTATNIEJ MODYFIKACJI [,]
    • @
    • pole kontrolne
    • 20241231095706.0
020 -Międzynarod. znormalizowany nr książki - ISBN [ , ]
    • a
    • Numer ISBN
    • 8371297653 Find
040 -Instytucja sporządzająca opis [ , ]
    • a
    • Instytucja, która sporządziła opis (NP)
    • KR 127/UZ
    • c
    • Instytucja, która sporządziła rekord (NP)
    • KR 127/UZ
    • d
    • Instytucja, która zmodyfikowała rekord (P)
    • KR 127/UZ
    • d
    • Instytucja, która zmodyfikowała rekord (P)
    • SZCZ U/KPs
041 -Język dokumentu [1, ]
    • a
    • Język tekstu (P)
    • polski
    • h
    • Język tekstu oryginalnego i/lub pośredniego (P)
    • angielski
942 -Rodzaj dokumentu [ , ]
    • c
    • Rodzaj dokumentu
    • Książka
100 -Hasło główne - nazwa osobowa [1, ]
    • a
    • Nazwa osobowa (NP)
    • Shakespeare, William
    • d
    • Daty biograficzne (NP)
    • (1564-1616).
    • 9
    • KHW
    • 13776
245 -Strefa tytułu i oznaczenia odpowiedzialności [1,0]
    • a
    • Tytuł
    • Dwanaście dramatów. Find
    • n
    • Oznaczenie części (P)
    • 1 /
    • c
    • Pozostałe elementy strefy tytułu i oznaczenia odpowiedzialności (NP)
    • William Shakespeare ; przypisami i posłowiem opatrzyła Anna Staniewska.
260 -Strefa adresu wydawniczego [ , ]
    • a
    • Miejsce wydania (P)
    • Warszawa :
    • b
    • Nazwa wydawcy (P)
    • Świat Książki,
    • c
    • Data wydania (P)
    • 1999.
300 -Strefa opisu fizycznego [ , ]
    • a
    • Określenie formy książki i/lub objętość (NP)
    • 589, [2] s. ;
    • c
    • Format (NP)
    • 21 cm.
336 -Typ zawartości [ , ]
    • a
    • Termin opisujący typ zawartości
    • Tekst
    • b
    • Kod określający zawartość
    • txt
    • 2
    • Źródło (terminu i kodu)
    • rdacontent
337 -Typ mediów [ , ]
    • a
    • Tryb odtwarzania
    • Bez urządzenia pośredniczącego
    • b
    • Kod typu mediów
    • n
    • 2
    • Źródło (terminu i kodu)
    • rdamedia
338 -Typ/rodzaj nośnika [ , ]
    • a
    • Hasło opisujące typ nośnika
    • Wolumin
    • b
    • Kod typu nośnika
    • nc
    • 2
    • Źródło (terminu i kodu)
    • rdacarrier
505 -Uwaga dot. zawartości książki [0, ]
    • a
    • Uwaga dot. zawartości książki
    • Król Ryszard III / przeł. Roman Brandstaetter ; Sen nocy letniej / przeł. Konstanty Ildefons Gałczyński ; Romeo i Julia / przeł. Jarosław Iwaszkiewicz ; Kupiec wenecki / przeł. Maciej Słomczyński.
655 -Hasło w funkcji tematu formalnego [ ,7]
    • a
    • Hasło
    • Dramat angielski
    • y
    • Określnik chronologiczny
    • 17 w.
    • v
    • Określnik formy
    • tłumaczenia polskie.
    • 2
    • Źródło terminu
    • kaba
    • 9
    • KHW
    • 359528
655 -Hasło w funkcji tematu formalnego [ ,7]
    • a
    • Hasło
    • Komedia angielska
    • y
    • Określnik chronologiczny
    • 17 w.
    • v
    • Określnik formy
    • tłumaczenia polskie.
    • 2
    • Źródło terminu
    • kaba
    • 9
    • KHW
    • 359518
655 -Hasło w funkcji tematu formalnego [ ,7]
    • a
    • Hasło
    • Tragedia angielska
    • y
    • Określnik chronologiczny
    • 17 w.
    • v
    • Określnik formy
    • tłumaczenia polskie.
    • 2
    • Źródło terminu
    • kaba
    • 9
    • KHW
    • 352450
700 -Hasło dodatkowe - nazwa osobowa [1, ]
    • a
    • Nazwa osobowa (NP)
    • Staniewska, Anna Find
    • d
    • Daty biograficzne (NP)
    • ( -2009).
    • e
    • Określenie rodzaju współpracy
    • Posł.
    • 9
    • KHW
    • 38441
700 -Hasło dodatkowe - nazwa osobowa [1, ]
    • a
    • Nazwa osobowa (NP)
    • Brandstaetter, Roman Find
    • d
    • Daty biograficzne (NP)
    • (1906-1987).
    • e
    • Określenie rodzaju współpracy
    • Tł.
    • 9
    • KHW
    • 18710
700 -Hasło dodatkowe - nazwa osobowa [1, ]
    • a
    • Nazwa osobowa (NP)
    • Gałczyński, Konstanty Ildefons Find
    • d
    • Daty biograficzne (NP)
    • (1905-1953).
    • e
    • Określenie rodzaju współpracy
    • Tł.
    • 9
    • KHW
    • 17206
700 -Hasło dodatkowe - nazwa osobowa [1, ]
    • a
    • Nazwa osobowa (NP)
    • Iwaszkiewicz, Jarosław Find
    • d
    • Daty biograficzne (NP)
    • (1894-1980).
    • e
    • Określenie rodzaju współpracy
    • Tł.
    • 9
    • KHW
    • 18486
700 -Hasło dodatkowe - nazwa osobowa [1, ]
    • a
    • Nazwa osobowa (NP)
    • Słomczyński, Maciej Find
    • d
    • Daty biograficzne (NP)
    • (1920-1998).
    • e
    • Określenie rodzaju współpracy
    • Tł.
    • 9
    • KHW
    • 16439
700 -Hasło dodatkowe - nazwa osobowa [1,2]
    • a
    • Nazwa osobowa (NP)
    • Shakespeare, William Find
    • d
    • Daty biograficzne (NP)
    • (1564-1616).
    • t
    • Tytuł ujednolicony/tytuł (NP)
    • King Richard III Find
    • l
    • Język tekstu (NP)
    • (pol.)
    • 9
    • KHW
    • 21115
700 -Hasło dodatkowe - nazwa osobowa [1,2]
    • a
    • Nazwa osobowa (NP)
    • Shakespeare, William Find
    • d
    • Daty biograficzne (NP)
    • (1564-1616).
    • t
    • Tytuł ujednolicony/tytuł (NP)
    • Midsummer night's dream Find
    • l
    • Język tekstu (NP)
    • (pol.)
    • 9
    • KHW
    • 19072
700 -Hasło dodatkowe - nazwa osobowa [1,2]
    • a
    • Nazwa osobowa (NP)
    • Shakespeare, William Find
    • d
    • Daty biograficzne (NP)
    • (1564-1616).
    • t
    • Tytuł ujednolicony/tytuł (NP)
    • Romeo and Juliet Find
    • l
    • Język tekstu (NP)
    • (pol.)
    • 9
    • KHW
    • 19073
700 -Hasło dodatkowe - nazwa osobowa [1,2]
    • a
    • Nazwa osobowa (NP)
    • Shakespeare, William Find
    • d
    • Daty biograficzne (NP)
    • (1564-1616).
    • t
    • Tytuł ujednolicony/tytuł (NP)
    • Merchant of Venice Find
    • l
    • Język tekstu (NP)
    • (pol.)
    • 9
    • KHW
    • 343744
710 -Hasło dodatkowe - nazwa ciała zbiorowego [2, ]
    • a
    • Nazwa ciała zbiorowego lub nazwa geograficzna jako pierwszy element (NP)
    • Świat Książki (1994-2017).
    • 4
    • Kod relacji
    • pbl
    • 9
    • KHW
    • 68782
920 -ISBN [ , ]
    • a
    • ISBN
    • 83-7129-765-3 Find
Numer inwentarzowy Status udost. Lokalizacja Data inwentaryzacji
Z.1219511BG2016-07-20